LAWYER S MISCELLANY (Record no. 129482)

MARC details
000 -LEADER
fixed length control field 00313pam a2200133 a 4500
020 ## - INTERNATIONAL STANDARD BOOK NUMBER
Terms of availability
041 ## - LANGUAGE CODE
Language code of original
082 ## - DEWEY DECIMAL CLASSIFICATION NUMBER
Classification number 340
Item number CHA
100 ## - MAIN ENTRY--PERSONAL NAME
Personal name CHAUDHARY P.,
245 ## - TITLE STATEMENT
Title LAWYER S MISCELLANY
Medium Textual Documents
260 ## - PUBLICATION, DISTRIBUTION, ETC.
Place of publication, distribution, etc. NEW DELHI
Name of publisher, distributor, etc. METROPOLITAN BOOK CO. PVT. LTD.
Date of publication, distribution, etc. 1981
300 ## - PHYSICAL DESCRIPTION
Extent VIII+288
930 ## - EQUIVALENCE OR CROSS-REFERENCE-UNIFORM TITLE HEADING [LOCAL, CANADA]
Uniform title 10029
Holdings
Withdrawn status Lost status Damaged status Not for loan Collection Home library Current library Date acquired Total Checkouts Full call number Barcode Date last seen Copy number Price effective from Koha item type
          Institute of Management & Entrepreneurship Development, Pune Institute of Management & Entrepreneurship Development, Pune 19/04/2011   340 CHA IMP-IM-8393 01/03/2023 1 01/03/2023 Book